|
|
|
|
| LEADER |
00000nkm a2200000 a 4500 |
| 001 |
vtls010679037 |
| 003 |
SK-MaSNL |
| 005 |
20260301215835.0 |
| 007 |
kf co |
| 008 |
231214s1990 xo g k|slo |
| 015 |
|
|
|a SNBG1990
|
| 035 |
|
|
|a 780DC904-2B23-42A3-942C-91D8F89A0D84
|
| 035 |
|
|
|a urn:nbn:sk:snk-kmxxm7
|
| 035 |
|
|
|a urn:nbn:sk:snk-km007cgs
|
| 040 |
|
|
|a SNK
|b slo
|c SNK
|e AACR2
|
| 041 |
0 |
|
|a slo
|
| 044 |
|
|
|a xo
|c SK
|
| 072 |
|
7 |
|a 913
|x Regionálna geografia
|2 konspekt
|
| 080 |
|
|
|a 913(437.6)
|2 2001
|
| 080 |
|
|
|a (084.121)
|2 2001
|
| 080 |
|
|
|a 728.81
|2 2011
|
| 080 |
|
|
|a 908(437.6)
|2 2011
|
| 080 |
|
|
|a 728.82
|2 2011
|
| 080 |
|
|
|a 904:72/7.025.21
|2 2011
|
| 080 |
|
|
|a 726:27-523.42
|2 2011
|
| 080 |
|
|
|a 798.26
|2 2001
|
| 100 |
1 |
|
|a Sarossy, Pavel
|c (fotograf)
|4 aut
|4 pht
|9 456525
|
| 245 |
1 |
0 |
|a Veľký Šariš - jazdecké preteky (cena priateľstva)
|h grafika
|b tripplebare - Ján Cigán (Aldamit) : Oxer - Július Kundrák (Arko) : Kolmý skok - František Rindoš (Kacipso) : Námestie Sv. Jakuba s komplexom farských budov z 12.-16. storočia : Šarišský hrad
|c foto: Pavel Sarossy
|
| 246 |
1 |
|
|i Názov na obrazovej časti:
|a Veľký Šariš - jazdecké preteky
|
| 260 |
|
|
|a [Slovensko?]
|b [vydavateľ neznámy]
|c [1990?]
|e Expograpoh
|f Spišské Podhradie
|
| 300 |
|
|
|a 1 pohľadnica (5 čiastkových pohľadov)
|b farebná
|c 11 x 15 cm
|
| 520 |
8 |
|
|a Zobrazenie: Pohľad zhora na Veľký Šariš s kostolom, zrúcaniny Šarišského hradu a jazdecké preteky a jazca ako skáče na koni cez prekážky
|
| 610 |
2 |
7 |
|a Šarišský hrad (Veľký Šariš, Slovensko)
|2 SNKKA
|9 58318
|
| 650 |
0 |
7 |
|a hrady
|2 SNKPH
|9 3039
|
| 650 |
0 |
7 |
|a zámky
|2 SNKPH
|9 3041
|
| 650 |
0 |
7 |
|a zrúcaniny historických objektov
|2 SNKPH
|9 105150
|
| 650 |
0 |
7 |
|a kostoly
|2 SNKPH
|9 3023
|
| 650 |
0 |
7 |
|a parkúrové skákanie
|2 SNKPH
|9 59978
|
| 651 |
|
7 |
|a Veľký Šariš (Slovensko)
|2 SNKPHgeo
|9 17491
|
| 655 |
|
7 |
|a miestne pohľadnice
|2 SNKPH
|9 70510
|
| 655 |
|
7 |
|a geografické pohľadnice
|2 SNKPH
|9 70522
|
| 852 |
|
|
|a Slovenská národná knižnica
|
| 958 |
|
|
|a GBN
|
| 958 |
|
|
|a OND
|
| 958 |
|
|
|a GC
|
| 958 |
|
|
|a EUIPO
|
| 999 |
|
|
|c 929639
|d 931569
|
| 952 |
|
|
|a SNK
|b SNK
|y PREZ
|7 0
|p 17A1123212
|o snkSP 153464
|i snk2015/15544
|8 3
|g 0.50
|0 0
|1 0
|4 0
|d 2015-05-14
|f 1
|l 0
|r 2026-02-24 08:44:39
|w 2026-02-24
|